Normal view
MARC view
Entry Personal Name
001 - CONTROL NUMBER
- control field: 83160
003 - CONTROL NUMBER IDENTIFIER
- control field: dpl
005 - DATE AND TIME OF LATEST TRANSACTION
- control field: 20250723110814.0
008 - FIXED-LENGTH DATA ELEMENTS
- fixed length control field: 250723|| aca||aabn | a|a d
040 ## - CATALOGING SOURCE
- Original cataloging agency: dpl
- Transcribing agency: dpl
100 ## - HEADING--PERSONAL NAME
- Personal name: Arya C. Subhash
670 ## - SOURCE DATA FOUND
- Source citation: Work cat.: (dpl)194142: Dr. B.R. Ambedkar's Ideas and Thoughts/, 2021
